Guess the Hamilton song from the Lyrics - Statistics

General Stats
  • This quiz has been taken 2,945 times
  • The average score is 65 of 128
Answer Stats
Lyric % Correct
a
97%
I
93%
i
93%
you
84%
the
83%
no
73%
when
68%
me
65%
and
64%
my
63%
was
63%
in
62%
on
61%
we
60%
who
60%
are
59%
know
58%
your
56%
its
53%
young
53%
men
51%
has
50%
eyes
49%
history
49%
now
49%
of
49%
what
48%
have
47%
tell
47%
than
47%
that
47%
first
46%
younger
46%
story
45%
can
44%
command
44%
given
44%
win
44%
dies
43%
lives
43%
into
42%
their
42%
led
41%
massacre
40%
straight
40%
tells
40%
lie
38%
deaths
36%
glory
36%
let
36%
witnessed
36%
every
35%
firsthand
35%
control
34%
dreamed
33%
wish
33%
id
32%
made
32%
mistake
32%
awake
31%
but
30%
knowing
30%
rise
29%
even
28%
known
28%
from
27%
here
27%
shame
27%
felt
26%
greatness
26%
lies
26%
whoa
14%
yeah
12%
remeber
8%
No matching quizzes found
Score Distribution
Percent of People with Each Score
Percentile by Number Answered
Your Score History
You have not taken this quiz